| 000 | 01100nam a22003137a 4500 | ||
|---|---|---|---|
| 003 | CHAP | ||
| 005 | 20220329135047.0 | ||
| 008 | 971013s1981 enka r 00010 eng d | ||
| 010 | _a30290 | ||
| 011 | _a31262 | ||
| 035 | _a35374 | ||
| 040 | _cCHAP | ||
| 082 | 0 | 4 |
_a631.0915 _bM35 |
| 100 | 0 | 0 |
_aManassah, Jamal T. _970279 |
| 245 | 1 | 0 |
_aAdvances in food-producing systems for arid and semi-arid lands _c/por Jamal T. Manassah |
| 260 |
_aLondon : _bAcademic Press, _c1981 |
||
| 300 |
_a2 v. : _bilus., gráfs. |
||
| 590 |
_aBATCH-UPD _b10 _c20130109 _lUCH01 _h2319 |
||
| 590 |
_aBATCH-UPD _b10 _c20130110 _lUCH01 _h1651 |
||
| 590 |
_aBATCH-UPD _b10 _c20130410 _lUCH01 _h1040 |
||
| 590 |
_aBATCH-UPD _b10 _c20130914 _lUCH01 _h0130 |
||
| 590 |
_aCONVERSION _b10 _c20130109 _lUCH01 _h1317 |
||
| 650 | 1 | 4 |
_aAgricultura _xRegiones áridas. _91781 |
| 650 | 1 | 4 |
_aAlimentos _xAbastecimiento _xRegiones aridas. _94139 |
| 901 | _aBK | ||
| 942 | _cLIBRO | ||
| 949 |
_a631.0915 M35 _bBC _cLIBRO _d33724000054383 _eLIBRO _fv.1 _h54793 _i35374 _so |
||
| 949 |
_a631.0915 M35 _bBC _cLIBRO _d33724000054607 _eLIBRO _fv.2 _h54794 _i35374 _si |
||
| 999 |
_c30290 _d30290 |
||